000 00615cam a2200169 i 4500
020 _a0309026709
082 0 0 _a380.5/08 s
_a625.74
_bNAT
110 2 _aNational Research Council (U.S.).
_920017
245 1 0 _aStabilization of soils /
_cTransportation Research Board, Commission on Sociotechnical Systems, National Research Council.
260 _aWashington :
_bNational Academy of Sciences,
_c1977.
300 _aiii, 66 p. :
_bill. ;
_c28 cm.
526 _a0
_b0
_c0
_d380_508000000000000_S_NAT
650 0 _aMCE
_9379
650 0 _aRoads
_xSubgrades.
_940992
650 0 _aSoil stabilization.
_913080
942 _2ddc
_cBK
999 _c547524
_d547524